| 000 | 00923nam0a22002651 4500 | ||
|---|---|---|---|
| 001 | rc\2996390 | ||
| 005 | 20250806200503.0 | ||
| 035 | _a(NLR Aleph) 007140095 | ||
| 090 |
_a69584 _c69584 |
||
| 100 | _a20110917d1942 u y0rusy50 ca | ||
| 101 | 0 | _arus | |
| 102 | _aRU | ||
| 105 | _ay z ||||| | ||
| 200 | 1 |
_aАвитаминоз и гиповитаминоз С (цынга) _fВ.В. Ефремов, д-р мед. наук _gВсесоюз. витаминный ком. |
|
| 210 |
_aМосква _cСовет. наука _d1942 |
||
| 215 |
_a76 с. _d22 см |
||
| 320 | _aБиблиогр.: "Литература" (с. 73-74) | ||
| 700 | 1 |
_aЕфремов _bВ.В. _gВиктор Васильевич |
|
| 801 | 0 |
_aRU _bNLR _gpsbo |
|
| 801 | 1 |
_aRU _bELAR _2rusmarc |
|
| 852 |
_aNLR _jМд30 Г-6/56 |
||
| 942 | _cBOOK | ||
| 945 | _aРоссийская национальная библиотека | ||
| 980 | _aNB | ||
| 980 | _aBV | ||